Normal view
MARC view
Entry Personal Name
001 - CONTROL NUMBER
- control field: 14288
003 - CONTROL NUMBER IDENTIFIER
- control field: OSt
005 - DATE AND TIME OF LATEST TRANSACTION
- control field: 20211019145329.0
008 - FIXED-LENGTH DATA ELEMENTS
- fixed length control field: 211019|| aca||aabn | a|a d
040 ## - CATALOGING SOURCE
- Original cataloging agency: OSt
- Transcribing agency: OSt
100 ## - HEADING--PERSONAL NAME
- Personal name: MARGESIN ROSA
670 ## - SOURCE DATA FOUND
- Source citation: Work cat.: (OSt)13368: MARGESIN ROSA, MANUAL FOR SOIL ANALYSSIS MONITORING AND ASSESSING SOIL BIOREMEDIATION, 2005